| 000 | 00423nam a2200097Ia 4500 | ||
|---|---|---|---|
| 008 | 180130s9999 xx 000 0 und d | ||
| 245 |
_cGlenis, Vassilis; McGough, Andrew Stephen; Kutija, Vedrana; Kilsby, Chris; Woodman, Simon _aFlood modelling for cities using cloud computing |
||
| 260 | _c2016 | ||
| 300 | _aBook title: Cloud architecture and engineering--Acession number C20554; pages 1 - 14 | ||
| 650 | _aCLOUD ARCHITECTURE | ||
| 999 |
_c353832 _d353832 |
||